<?xml version="1.0" encoding="UTF-8"?>
<record
    xmlns:xsi="http://www.w3.org/2001/XMLSchema-instance"
    xsi:schemaLocation="http://www.loc.gov/MARC21/slim http://www.loc.gov/standards/marcxml/schema/MARC21slim.xsd"
    xmlns="http://www.loc.gov/MARC21/slim">

  <leader>00585nam a22001817a 4500</leader>
  <controlfield tag="003">AUA.1</controlfield>
  <controlfield tag="005">20201001115145.0</controlfield>
  <controlfield tag="008">161116b        xxu||||| |||| 00| 0 eng d</controlfield>
  <datafield tag="040" ind1=" " ind2=" ">
    <subfield code="c">JTL</subfield>
  </datafield>
  <datafield tag="050" ind1=" " ind2=" ">
    <subfield code="a">BX6122.L38</subfield>
  </datafield>
  <datafield tag="245" ind1=" " ind2=" ">
    <subfield code="a">Revelation 17 :</subfield>
    <subfield code="b">the mystery of Babylon /</subfield>
    <subfield code="c">Ministry Media.</subfield>
    <subfield code="h">Videorecording</subfield>
  </datafield>
  <datafield tag="260" ind1=" " ind2=" ">
    <subfield code="a">Derby :</subfield>
    <subfield code="b">The Advent Truth,</subfield>
  </datafield>
  <datafield tag="300" ind1=" " ind2=" ">
    <subfield code="a">2 videodiscs :</subfield>
    <subfield code="b">Sound, color ;</subfield>
    <subfield code="c">4 3/4 in.</subfield>
  </datafield>
  <datafield tag="511" ind1=" " ind2=" ">
    <subfield code="a">Presented by Manjit Biant</subfield>
  </datafield>
  <datafield tag="650" ind1=" " ind2=" ">
    <subfield code="a">Latter rain (Doctrines)</subfield>
    <subfield code="x">Seventh-day Adventists</subfield>
  </datafield>
  <datafield tag="650" ind1=" " ind2=" ">
    <subfield code="a">Loud cry (Doctrines)</subfield>
    <subfield code="x">Seventh-day Adventists</subfield>
  </datafield>
  <datafield tag="942" ind1=" " ind2=" ">
    <subfield code="2">aua</subfield>
    <subfield code="c">AV</subfield>
  </datafield>
  <datafield tag="999" ind1=" " ind2=" ">
    <subfield code="c">17179</subfield>
    <subfield code="d">17179</subfield>
  </datafield>
  <datafield tag="952" ind1=" " ind2=" ">
    <subfield code="0">0</subfield>
    <subfield code="1">0</subfield>
    <subfield code="2">lcc</subfield>
    <subfield code="4">0</subfield>
    <subfield code="7">0</subfield>
    <subfield code="8">AV</subfield>
    <subfield code="a">AUA.1</subfield>
    <subfield code="b">AUA.1</subfield>
    <subfield code="c">AV</subfield>
    <subfield code="d">2016-11-16</subfield>
    <subfield code="h">AV56</subfield>
    <subfield code="o">MSR7</subfield>
    <subfield code="r">2016-11-16 00:00:00</subfield>
    <subfield code="v">14.00</subfield>
    <subfield code="w">2016-11-16</subfield>
    <subfield code="y">AV</subfield>
  </datafield>
</record>
